[Event "Asian Cities-chT"]
[Site "Khanty-Mansiysk"]
[Date "2024.04.25"]
[Round "5.1"]
[White "Ahmad, E Al Azzah"]
[Black "Lim, Zhuo Ren"]
[Result "0-1"]
[WhiteElo "1836"]
[BlackElo "2248"]
[PlyCount "108"]
[EventDate "2024.04.21"]
[EventType "team-swiss"]
[EventRounds "9"]
[EventCountry "RUS"]
[SourceTitle "CB18_2024"]
[SourceDate "2024.05.01"]
[SourceVersion "1"]
[SourceVersionDate "2024.05.01"]
[SourceQuality "2"]
[WhiteTeam "Al Quds"]
[BlackTeam "Penang"]
[WhiteTeamCountry "PLE"]
[BlackTeamCountry "MAS"]

1. e4 c5 2. d3 Nc6 3. Nc3 g6 4. Be3 d6 5. d4 cxd4 6. Bxd4 Nxd4 7. Qxd4 Nf6 8. e5 dxe5 9. Bb5+ Bd7 10. Qxe5 Bg7 11. 0-0-0 Rg8 12. Nd5 Rc8 13. Nf3 Nxd5 14. Qxd5 Rc7 15. Ng5 Rf8 16. Rhe1 Qc8 17. Bxd7+ Qxd7 18. Qb3 Qc6 19. Ne4 Rd7 20. Rxd7 Kxd7 21. Qb4 Rc8 22. c3 b6 23. Ng5 Qc5 24. Qg4+ f5 25. Qa4+ b5 26. Qd1+ Ke8 27. Ne6 Bh6+ 28. f4 Qc4 29. Qe2 Qxe2 30. Rxe2 Kd7 31. g3 b4 32. Kc2 bxc3 33. bxc3 Rc6 34. Nd4 Ra6 35. Kd3 Bg7 36. Nb3 Kd6 37. Re6+ Kxe6 38. Nc5+ Kd6 39. Nxa6 e5 40. fxe5+ Bxe5 41. Nb4 h5 42. Nc2 h4 43. gxh4 Bxh2 44. Nd4 Be5 45. Nb5+ Kc5 46. Nxa7 Bf6 47. a4 Bxh4 48. Nb5 Bf6 49. Nd4 Bxd4 50. cxd4+ Kb4 51. Ke3 g5 52. Kd3 g4 53. Ke3 g3 54. Kf3 f4 0-1

[Event "Asian Cities-chT"]
[Site "Khanty-Mansiysk"]
[Date "2024.04.24"]
[Round "4.1"]
[White "Lim, Zhuo Ren"]
[Black "Qashbari, Abdulla Mohamed"]
[Result "1-0"]
[WhiteElo "2248"]
[BlackElo "1768"]
[PlyCount "111"]
[EventDate "2024.04.21"]
[EventType "team-swiss"]
[EventRounds "9"]
[EventCountry "RUS"]
[SourceTitle "CB18_2024"]
[SourceDate "2024.05.01"]
[SourceVersion "1"]
[SourceVersionDate "2024.05.01"]
[SourceQuality "2"]
[WhiteTeam "Penang"]
[BlackTeam "Al Mahra"]
[WhiteTeamCountry "MAS"]
[BlackTeamCountry "YEM"]

1. Nf3 d6 2. d4 Nf6 3. g3 Nbd7 4. c4 c5 5. Bg2 cxd4 6. Nxd4 e5 7. Nb5 Nb6 8. Bg5 a6 9. Bxf6 gxf6 10. N5c3 Qc7 11. Nd2 Be6 12. Rc1 0-0-0 13. Nd5 Qc6 14. b4 Kb8 15. b5 Qc5 16. bxa6 Bxd5 17. cxd5 Qa5 18. axb7 Bh6 19. e3 Rd7 20. 0-0 Nxd5 21. Nb3 Nxe3 22. Nxa5 Nxd1 23. Rcxd1 d5 24. Rxd5 Rxd5 25. Bxd5 Bd2 26. Nb3 Bc3 27. Rc1 Rd8 28. Be4 Bd4 29. Nxd4 exd4 30. Rc4 d3 31. Ra4 Kc7 32. Ra8 Rb8 33. Rxb8 Kxb8 34. Kf1 h6 35. Ke1 f5 36. Bd5 f4 37. g4 f6 38. Kd2 Kc7 39. Kxd3 Kb8 40. Ke4 Kc7 41. f3 Kb8 42. h3 Kc7 43. Kxf4 Kb8 44. g5 hxg5+ 45. Kf5 Kc7 46. f4 gxf4 47. h4 f3 48. Bxf3 Kb8 49. h5 Kc7 50. h6 Kb8 51. h7 Kc7 52. h8B Kd7 53. b8R Ke7 54. Rb7+ Kf8 55. Kxf6 Kg8 56. Be4 1-0

[Event "Asian Cities-chT"]
[Site "Khanty-Mansiysk"]
[Date "2024.04.21"]
[Round "1.1"]
[White "Daneshvar, Bardiya"]
[Black "Lim, Zhuo Ren"]
[Result "1-0"]
[WhiteElo "2584"]
[BlackElo "2248"]
[PlyCount "109"]
[EventDate "2024.04.21"]
[EventType "team-swiss"]
[EventRounds "9"]
[EventCountry "RUS"]
[SourceTitle "CB18_2024"]
[SourceDate "2024.05.01"]
[SourceVersion "1"]
[SourceVersionDate "2024.05.01"]
[SourceQuality "2"]
[WhiteTeam "Tehran"]
[BlackTeam "Penang"]
[WhiteTeamCountry "IRI"]
[BlackTeamCountry "MAS"]

1. c4 e6 2. Nc3 Nf6 3. Nf3 d5 4. d4 dxc4 5. e4 b5 6. e5 Nd5 7. Nxb5 Nb6 8. Be2 Nc6 9. 0-0 Be7 10. Be3 0-0 11. Qc1 Rb8 12. Nc3 Bb7 13. Rd1 Nb4 14. Nd2 Nd3 15. Qb1 Qe8 16. Nxc4 Nxc4 17. Bxd3 Nxe3 18. fxe3 h6 19. b4 a5 20. b5 c5 21. Qb2 Bg5 22. Qe2 Qe7 23. Rab1 Rfd8 24. Ne4 c4 25. Bc2 Bxe4 26. Bxe4 Qa3 27. Re1 Rb6 28. Kf2 Rc8 29. Bc6 Qa4 30. Rec1 Rbxc6 31. bxc6 Qxc6 32. Rc3 f6 33. exf6 Rf8 34. Kg1 Rxf6 35. Re1 Qe4 36. Rxc4 Rg6 37. Kh1 Kh7 38. Qf3 Qd3 39. Rcc1 Qd2 40. a4 Qa2 41. Qe4 Qd2 42. Rcd1 Qf2 43. Rf1 Qxe3 44. Qxe3 Bxe3 45. Rfe1 Bf4 46. Re4 Bc7 47. Rc1 Rf6 48. g3 Bd6 49. Rc6 Bb4 50. Kg2 Rf7 51. Rexe6 Rd7 52. Rc4 Kg8 53. Kf3 Rf7+ 54. Ke2 Rf5 55. Re5 1-0

[Event "Southend op"]
[Site "Southend"]
[Date "2024.03.29"]
[Round "4"]
[White "Royal, Shreyas"]
[Black "Lim, Zhuo Ren"]
[Result "1-0"]
[WhiteElo "2457"]
[BlackElo "2290"]
[PlyCount "91"]
[EventDate "2024.03.28"]
[EventType "swiss"]
[EventRounds "9"]
[EventCountry "ENG"]
[SourceTitle "CB14_2024"]
[SourceDate "2024.04.01"]
[SourceVersion "1"]
[SourceVersionDate "2024.04.01"]
[SourceQuality "1"]

1. d4 Nf6 2. c4 e6 3. Nc3 Bb4 4. f3 d5 5. a3 Bxc3+ 6. bxc3 0-0 7. cxd5 exd5 8. e3 Re8 9. Bd3 b6 10. Ne2 Ba6 11. 0-0 c5 12. Ng3 Bxd3 13. Qxd3 Nc6 14. Bb2 Rc8 15. Rae1 Rc7 16. e4 dxe4 17. fxe4 Ne5 18. Qe2 cxd4 19. cxd4 Nc4 20. Ba1 b5 21. Qd3 Nd7 22. Nf5 Rc6 23. a4 a6 24. axb5 axb5 25. Rb1 Rb6 26. Rf3 Qa8 27. Re1 Rg6 28. Bc3 Qa2 29. Rf2 Qa7 30. Bb4 Nf6 31. Bc5 Qc7 32. Ra2 Rg5 33. Qf3 Ng4 34. g3 h5 35. Ra7 Qb8 36. Ne7+ Kh7 37. Qf4 f6 38. Qxb8 Rxb8 39. h4 Rg6 40. Nxg6 Kxg6 41. Ra2 b4 42. Ra4 Nd2 43. Kg2 b3 44. Rb4 Ra8 45. Re2 Ra2 46. Rxb3 1-0

[Event "Budapest FS02 IM"]
[Site "Budapest"]
[Date "2024.02.09"]
[Round "6"]
[White "Ernst, Robert"]
[Black "Lim, Zhuo Ren"]
[Result "1/2-1/2"]
[WhiteElo "2344"]
[BlackElo "2271"]
[PlyCount "77"]
[EventDate "2024.02.03"]
[EventType "schev"]
[EventRounds "9"]
[EventCountry "HUN"]
[SourceTitle "CB08_2024"]
[SourceDate "2024.02.21"]
[SourceVersion "1"]
[SourceVersionDate "2024.02.21"]
[SourceQuality "1"]

1. d4 Nf6 2. c4 e6 3. Nc3 Bb4 4. e3 0-0 5. Bd3 d5 6. cxd5 exd5 7. Nge2 Re8 8. 0-0 Bd6 9. Bd2 a6 10. Rc1 Nbd7 11. Nf4 c6 12. f3 b5 13. Nce2 c5 14. g4 c4 15. Bb1 Nf8 16. Qe1 a5 17. Kh1 Ng6 18. Nxg6 hxg6 19. Qh4 Bb4 20. Nc3 Be7 21. g5 Nh7 22. f4 b4 23. Ne2 Qd7 24. Rf3 Qg4 25. Qf2 Qh5 26. Ng3 Qh4 27. f5 Nxg5 28. fxg6 Nxf3 29. gxf7+ Kxf7 30. Qxf3+ Bf6 31. Nf5 Bxf5 32. Qxf5 Qg5 33. Qf3 Rh8 34. Bf5 Rad8 35. Rg1 Qh4 36. h3 Kf8 37. a3 Qh5 38. Bg4 Qe8 39. axb4 1/2-1/2

[Event "Budapest FS02 IM"]
[Site "Budapest"]
[Date "2024.02.07"]
[Round "5"]
[White "Lim, Zhuo Ren"]
[Black "Neverov, Valeriy"]
[Result "0-1"]
[WhiteElo "2271"]
[BlackElo "2438"]
[PlyCount "122"]
[EventDate "2024.02.03"]
[EventType "schev"]
[EventRounds "9"]
[EventCountry "HUN"]
[SourceTitle "CB08_2024"]
[SourceDate "2024.02.21"]
[SourceVersion "1"]
[SourceVersionDate "2024.02.21"]
[SourceQuality "1"]

1. d4 d6 2. Nf3 g6 3. g3 Bg7 4. Bg2 f5 5. 0-0 Nf6 6. c4 0-0 7. Nc3 Qe8 8. Re1 Qf7 9. e4 fxe4 10. Ng5 Qxc4 11. Ncxe4 Nc6 12. d5 Ne5 13. Bf4 Nxe4 14. Rxe4 Qd3 15. Bxe5 Qxd1+ 16. Rxd1 Bxe5 17. f4 Bf6 18. Rc4 Bg4 19. Re1 Rfc8 20. b3 b5 21. Rcc1 a5 22. Ne6 Ra7 23. h3 Bxe6 24. Rxe6 b4 25. Re4 Rb8 26. Rcc4 c5 27. Bf3 a4 28. Bd1 axb3 29. Bxb3 e5 30. Kg2 Kg7 31. Rc2 Rf8 32. Rf2 exf4 33. Rexf4 Re7 34. g4 Re5 35. Bc4 Be7 36. Rxf8 Bxf8 37. Kf3 Re1 38. Rf1 Re8 39. h4 Be7 40. g5 Bd8 41. Kg4 h6 42. Bb5 Rh8 43. Rg1 hxg5 44. hxg5 Rh2 45. Bc4 Rc2 46. Bb3 Rc3 47. Rg2 c4 48. Ba4 Rd3 49. Bc6 c3 50. Kf4 Rd1 51. Kg4 Bb6 52. Kf4 Rd4+ 53. Kf3 Rd3+ 54. Kf4 Re3 55. Ba4 Re5 56. Kf3 Rxd5 57. Bb3 Re5 58. Kg4 Be3 59. Kh4 d5 60. Bc2 d4 61. Kg4 Bxg5 0-1

[Event "Budapest FS02 IM"]
[Site "Budapest"]
[Date "2024.02.06"]
[Round "4"]
[White "Palczert, Matyas"]
[Black "Lim, Zhuo Ren"]
[Result "1/2-1/2"]
[WhiteElo "2299"]
[BlackElo "2271"]
[PlyCount "107"]
[EventDate "2024.02.03"]
[EventType "schev"]
[EventRounds "9"]
[EventCountry "HUN"]
[SourceTitle "CB08_2024"]
[SourceDate "2024.02.21"]
[SourceVersion "1"]
[SourceVersionDate "2024.02.21"]
[SourceQuality "1"]

1. c4 Nf6 2. Nf3 g6 3. d4 Bg7 4. g3 0-0 5. Bg2 d6 6. 0-0 Nc6 7. Nc3 e5 8. dxe5 dxe5 9. Bg5 h6 10. Qxd8 Rxd8 11. Bxf6 Bxf6 12. Nd5 Kg7 13. Nxc7 Rb8 14. e4 Be7 15. Nd5 Bc5 16. h3 a5 17. Rfd1 Be6 18. Rab1 f6 19. a3 a4 20. Bf1 Nd4 21. Nxd4 Bxd4 22. Nc3 Bd7 23. Ne2 Ba7 24. Rd3 Bc6 25. Nc3 f5 26. exf5 gxf5 27. Rbd1 Rd4 28. Bg2 Rxd3 29. Rxd3 e4 30. Rd1 Kf6 31. Nd5+ Bxd5 32. Rxd5 Rc8 33. Bf1 e3 34. fxe3 Bxe3+ 35. Kg2 Re8 36. Ra5 Bd4 37. Rxa4 Bxb2 38. Rb4 Bxa3 39. Rxb7 Re3 40. Rb6+ Kg7 41. Rb5 Bd6 42. Rxf5 Rxg3+ 43. Kf2 Rg5 44. Rf3 h5 45. Rd3 Bc5+ 46. Ke1 Kf6 47. Be2 Re5 48. Kd2 Kg5 49. Rg3+ Kh4 50. Rd3 Re4 51. Rb3 Re5 52. Rf3 Rg5 53. Kd3 Rg3 54. Rxg3 1/2-1/2

[Event "Budapest FS02 IM"]
[Site "Budapest"]
[Date "2024.02.04"]
[Round "2"]
[White "Lim, Zhuo Ren"]
[Black "Pacher, Milan"]
[Result "1/2-1/2"]
[WhiteElo "2271"]
[BlackElo "2371"]
[PlyCount "61"]
[EventDate "2024.02.03"]
[EventType "schev"]
[EventRounds "9"]
[EventCountry "HUN"]
[SourceTitle "CB08_2024"]
[SourceDate "2024.02.21"]
[SourceVersion "1"]
[SourceVersionDate "2024.02.21"]
[SourceQuality "1"]

1. d4 Nf6 2. c4 g6 3. Nc3 d5 4. Nf3 Bg7 5. cxd5 Nxd5 6. e4 Nxc3 7. bxc3 c5 8. Be2 Nc6 9. d5 Bxc3+ 10. Bd2 Bxa1 11. Qxa1 Nd4 12. Nxd4 cxd4 13. Qxd4 0-0 14. 0-0 f6 15. h4 Qb6 16. Qd3 Bd7 17. Rb1 Qa6 18. Qe3 Qxa2 19. Rxb7 Rfd8 20. h5 g5 21. Qd4 Rab8 22. Bc4 Qa3 23. d6+ Kg7 24. Rxb8 Rxb8 25. e5 Bc6 26. exf6+ exf6 27. h6+ Kg6 28. Bd3+ Kf7 29. Bc4+ Kg6 30. Bd3+ Kf7 31. Bc4+ 1/2-1/2

[Event "Budapest SixDays 01 IM-A"]
[Site "Budapest"]
[Date "2024.01.31"]
[Round "7"]
[White "Lim, Zhuo Ren"]
[Black "Urhegyi, Marton"]
[Result "0-1"]
[WhiteElo "2218"]
[BlackElo "2255"]
[PlyCount "62"]
[EventDate "2024.01.27"]
[EventType "tourn"]
[EventRounds "9"]
[EventCountry "HUN"]
[SourceTitle "CB06_2024"]
[SourceDate "2024.02.07"]
[SourceVersion "1"]
[SourceVersionDate "2024.02.07"]
[SourceQuality "1"]

1. Nf3 c5 2. g3 Nc6 3. Bg2 g6 4. c4 Bg7 5. Nc3 e5 6. a3 Nge7 7. 0-0 0-0 8. Ne1 d6 9. Nc2 Be6 10. Ne3 Qd7 11. Rb1 Bh3 12. d3 Bxg2 13. Kxg2 f5 14. f3 f4 15. Ned5 Nxd5 16. Nxd5 g5 17. g4 h5 18. h3 Kf7 19. b4 Rh8 20. bxc5 dxc5 21. Nc3 b6 22. Ne4 Bf6 23. Qa4 Rh6 24. Rxb6 Be7 25. Ra6 hxg4 26. hxg4 Rah8 27. Kf2 Qd4+ 28. Ke1 Rh1 29. Nf2 Qc3+ 30. Bd2 Qa1+ 31. Qd1 Rxf1+ 0-1

[Event "Rilton Cup 51st"]
[Site "Stockholm"]
[Date "2024.01.05"]
[Round "9"]
[White "Hagner, Bennet"]
[Black "Lim, Zhuo Ren"]
[Result "1-0"]
[WhiteElo "2348"]
[BlackElo "2225"]
[PlyCount "101"]
[EventDate "2023.12.27"]
[EventType "swiss"]
[EventRounds "9"]
[EventCountry "SWE"]
[SourceTitle "CB02_2024"]
[SourceDate "2024.01.10"]
[SourceVersion "1"]
[SourceVersionDate "2024.01.10"]
[SourceQuality "1"]

1. e4 c5 2. Nf3 d6 3. d4 cxd4 4. Nxd4 Nf6 5. Nc3 a6 6. Qd3 g6 7. Bg5 Bg7 8. 0-0-0 0-0 9. f4 Nbd7 10. Be2 Nc5 11. Qe3 Ne6 12. e5 Ne8 13. Nxe6 Bxe6 14. Nd5 Bxd5 15. Rxd5 Nc7 16. Rxd6 Qe8 17. Rd2 Ne6 18. Bh4 Qa4 19. Bxe7 Rfe8 20. Bd6 Qxa2 21. Qa3 Qxa3 22. bxa3 Nxf4 23. Bf3 Bxe5 24. Bxb7 Ra7 25. Bf3 Bxd6 26. Rxd6 Re3 27. Kb2 a5 28. Rhd1 Rc7 29. Rd7 Rc5 30. Rb7 Rec3 31. Rd2 g5 32. Bd1 Ng6 33. Be2 Ne5 34. Rb3 Rxb3+ 35. cxb3 Kf8 36. b4 axb4 37. axb4 Nc4+ 38. Bxc4 Rxc4 39. Kb3 Rh4 40. g3 Re4 41. b5 h5 42. Rd5 f6 43. b6 Kf7 44. Rb5 Re8 45. Kb4 Ke6 46. b7 Rb8 47. Ka5 f5 48. Kb6 h4 49. Kc7 Rg8 50. b8Q Rxb8 51. Kxb8 1-0

[Event "Rilton Cup 51st"]
[Site "Stockholm"]
[Date "2023.12.28"]
[Round "2"]
[White "Aoshima, Mirai"]
[Black "Lim, Zhuo Ren"]
[Result "0-1"]
[WhiteElo "2367"]
[BlackElo "2225"]
[PlyCount "92"]
[EventDate "2023.12.27"]
[EventType "swiss"]
[EventRounds "9"]
[EventCountry "SWE"]
[SourceTitle "CB02_2024"]
[SourceDate "2024.01.10"]
[SourceVersion "1"]
[SourceVersionDate "2024.01.10"]
[SourceQuality "1"]

1. d4 Nf6 2. c4 g6 3. Nc3 Bg7 4. e4 d6 5. h3 e5 6. d5 Nbd7 7. Be3 h5 8. Nf3 Bh6 9. Ng5 h4 10. Qf3 Kf8 11. g3 hxg3 12. fxg3 Kg7 13. 0-0-0 Qe7 14. Kb1 Nf8 15. Be2 N8h7 16. Nxh7 Rxh7 17. Bxh6+ Rxh6 18. g4 Nh7 19. h4 g5 20. hxg5 Nxg5 21. Qg2 Bd7 22. Rxh6 Kxh6 23. Rf1 Kg7 24. Nd1 Rh8 25. Ne3 f6 26. c5 Rh3 27. Nc4 Be8 28. cxd6 cxd6 29. Rh1 Rxh1+ 30. Qxh1 Bg6 31. Bd3 Qc7 32. Ne3 Qc5 33. Nf5+ Bxf5 34. gxf5 Qe3 35. Bc2 Nf3 36. Qg2+ Kf8 37. a3 Nd2+ 38. Ka2 Qd4 39. Qh3 Qc4+ 40. Ka1 Qxc2 41. Qh8+ Ke7 42. Qg7+ Ke8 43. Qg8+ Kd7 44. Qf7+ Kc8 45. Qe6+ Kb8 46. Qxd6+ Qc7 0-1

[Event "Thailand op"]
[Site "Chiangmai"]
[Date "2023.07.02"]
[Round "7"]
[White "Dang, Anh Minh"]
[Black "Lim, Zhuo Ren"]
[Result "1-0"]
[WhiteElo "2080"]
[BlackElo "2315"]
[PlyCount "131"]
[EventDate "2023.06.28"]
[EventType "swiss"]
[EventRounds "9"]
[EventCountry "THA"]
[SourceTitle "CBM 215 Extra"]
[Source "ChessBase"]
[SourceDate "2023.09.30"]
[SourceVersion "1"]
[SourceVersionDate "2023.09.30"]
[SourceQuality "1"]

1. d4 d6 2. c4 e5 3. dxe5 dxe5 4. Qxd8+ Kxd8 5. Nc3 Be6 6. b3 Bb4 7. Bb2 Nd7 8. e3 c6 9. 0-0-0 Kc7 10. Bd3 Nh6 11. h3 f6 12. Nge2 Be7 13. Kb1 Nc5 14. Bc2 Nf7 15. f4 g6 16. g4 Rad8 17. Ng3 Bc8 18. Nce4 Nxe4 19. Nxe4 Rxd1+ 20. Rxd1 Rd8 21. Rf1 exf4 22. Bxf6 Bxf6 23. Rxf4 Ng5 24. Nxf6 Nxh3 25. Re4 Kb8 26. Nxh7 Nf2 27. Re7 Nxg4 28. Bxg6 Rd1+ 29. Kc2 Re1 30. e4 Rg1 31. Kc3 c5 32. Bf5 Rg3+ 33. Kb2 Rg2+ 34. Ka3 Bxf5 35. exf5 Rf2 36. Re4 Nh6 37. f6 a6 38. Nf8 Kc7 39. Re7+ Kc6 40. Re6+ Kc7 41. Re7+ Kc6 42. Nd7 Ng8 43. Ne5+ Kd6 44. Nf7+ Kc6 45. Nd8+ Kd6 46. Nxb7+ Kc6 47. Nd8+ Kd6 48. Nb7+ Kc6 49. Nd8+ Kd6 50. Nf7+ Kc6 51. Re6+ Kc7 52. Rxa6 Nxf6 53. Ng5 Kb7 54. Re6 Nd7 55. Ne4 Rh2 56. Nf6 Nb6 57. Ne4 Nd7 58. Nc3 Rc2 59. Nd5 Rh2 60. Rd6 Ne5 61. Nc3 Kc7 62. Nb5+ Kc8 63. Rd5 Nd7 64. Nd6+ Kc7 65. Ne4 Kc6 66. Rd2 1-0

[Event "Thailand op"]
[Site "Chiangmai"]
[Date "2023.07.02"]
[Round "6"]
[White "Lim, Zhuo Ren"]
[Black "Kulpruethanon, Thanadon"]
[Result "0-1"]
[WhiteElo "2315"]
[BlackElo "2230"]
[PlyCount "84"]
[EventDate "2023.06.28"]
[EventType "swiss"]
[EventRounds "9"]
[EventCountry "THA"]
[SourceTitle "CBM 215 Extra"]
[Source "ChessBase"]
[SourceDate "2023.09.30"]
[SourceVersion "1"]
[SourceVersionDate "2023.09.30"]
[SourceQuality "1"]

1. d4 Nf6 2. c4 e6 3. Nf3 d5 4. Nc3 Be7 5. Bf4 0-0 6. e3 c5 7. dxc5 Bxc5 8. Qc2 Nc6 9. Rd1 Qa5 10. Nd2 e5 11. Nb3 Qb6 12. Bg5 d4 13. Nxc5 Qxc5 14. Bxf6 dxc3 15. Bh4 cxb2 16. Qxb2 Be6 17. Qc3 Rfc8 18. Rb1 Na5 19. Be7 Qxe7 20. Qxa5 Rc5 21. Qa3 Qc7 22. Be2 b6 23. 0-0 Rc8 24. Rb4 a5 25. Rb5 Rxb5 26. cxb5 Qc5 27. Qxc5 Rxc5 28. a4 Kf8 29. f4 Rc3 30. Kf2 Rc2 31. fxe5 Ra2 32. Kf3 Rxa4 33. h3 Bd5+ 34. Kf2 Ra2 35. Rc1 a4 36. e4 Be6 37. Kf3 a3 38. Bc4 Bxc4 39. Rxc4 Rb2 40. Ra4 Rxb5 41. Rxa3 Rxe5 42. Ra7 Re7 0-1

[Event "Dubai op-A 23rd"]
[Site "Dubai"]
[Date "2023.06.03"]
[Round "8"]
[White "Hesham, Abdelrahman"]
[Black "Lim, Zhuo Ren"]
[Result "1-0"]
[WhiteElo "2409"]
[BlackElo "2294"]
[PlyCount "87"]
[EventDate "2023.05.27"]
[EventType "swiss"]
[EventRounds "9"]
[EventCountry "UAE"]
[SourceTitle "CBM 214 Extra"]
[Source "ChessBase"]
[SourceDate "2023.07.31"]
[SourceVersion "1"]
[SourceVersionDate "2023.07.31"]
[SourceQuality "1"]

1. d4 Nf6 2. c4 e6 3. Nc3 Bb4 4. f3 c5 5. d5 b5 6. e4 d6 7. Bd2 a6 8. a3 Ba5 9. Nge2 0-0 10. Nf4 e5 11. Nd3 Nbd7 12. Nf2 Rb8 13. cxb5 Bxc3 14. bxc3 axb5 15. Be2 c4 16. a4 Ba6 17. axb5 Bxb5 18. Be3 Qc8 19. 0-0 Nc5 20. Qc2 Nb3 21. Ra3 Nd7 22. Nd1 Ndc5 23. Nb2 Ra8 24. Nxc4 Rxa3 25. Nxa3 Bxe2 26. Qxe2 f5 27. Nb5 Qa6 28. exf5 Rxf5 29. c4 Rf6 30. Rb1 h6 31. Qc2 Qa5 32. h3 Na1 33. Qd1 Ncb3 34. Kh2 Rg6 35. Qd3 Kh7 36. Nxd6 Qa2 37. Rg1 Nc2 38. Nf5 Ne1 39. Qf1 Nd2 40. Bxd2 Qxd2 41. Nh4 Qf4+ 42. g3 Qd2+ 43. Kh1 Nd3 44. Rg2 1-0

[Event "Sharjah Challengers 6th"]
[Site "Sharjah"]
[Date "2023.05.21"]
[Round "5"]
[White "Lim, Zhuo Ren"]
[Black "Rios, Cristhian Camilo"]
[Result "1/2-1/2"]
[WhiteElo "2294"]
[BlackElo "2469"]
[PlyCount "43"]
[EventDate "2023.05.17"]
[EventType "swiss"]
[EventRounds "9"]
[EventCountry "UAE"]
[SourceTitle "CBM 214 Extra"]
[Source "ChessBase"]
[SourceDate "2023.07.31"]
[SourceVersion "1"]
[SourceVersionDate "2023.07.31"]
[SourceQuality "1"]

1. d4 Nf6 2. c4 e6 3. Nf3 d5 4. g3 Bb4+ 5. Bd2 Be7 6. Bg2 0-0 7. 0-0 c6 8. Qc2 Nbd7 9. Bf4 b6 10. Nbd2 Nh5 11. e3 Bb7 12. cxd5 exd5 13. h4 c5 14. Nb1 Rc8 15. Nc3 cxd4 16. Nxd4 Nxf4 17. exf4 Bb4 18. Rfd1 Bxc3 19. bxc3 Nf6 20. Qa4 a6 21. Qb3 Qc7 22. Rab1 1/2-1/2

[Event "Bassano del Grappa Spring op"]
[Site "Bassano del Grappa"]
[Date "2023.03.16"]
[Round "3"]
[White "Lim, Zhuo Ren"]
[Black "Bordignon, Angelo"]
[Result "1-0"]
[WhiteElo "2307"]
[BlackElo "2052"]
[PlyCount "57"]
[EventDate "2023.03.15"]
[EventType "swiss"]
[EventRounds "9"]
[EventCountry "ITA"]
[SourceTitle "EXT 2024"]
[Source "ChessBase"]
[SourceDate "2023.10.10"]
[SourceVersion "1"]
[SourceVersionDate "2023.10.10"]
[SourceQuality "1"]

1. Nf3 Nf6 2. c4 g6 3. g3 Bg7 4. Bg2 0-0 5. 0-0 d5 6. cxd5 Nxd5 7. d4 Nb6 8. Nc3 Nc6 9. e3 Re8 10. h3 a5 11. d5 Nb4 12. e4 e6 13. a3 Na6 14. Bg5 f6 15. Bf4 e5 16. Bc1 Nc4 17. Qe2 Nd6 18. Be3 Bd7 19. Nd2 Bf8 20. f4 Nf7 21. f5 g5 22. Bf3 Bd6 23. Bh5 Qe7 24. Nc4 b6 25. Nxd6 Qxd6 26. h4 gxh4 27. gxh4 Re7 28. Kh1 Kh8 29. Rg1 1-0

[Event "Lienz op 21st"]
[Site "Lienz"]
[Date "2023.02.14"]
[Round "5"]
[White "Dereshki, Dario"]
[Black "Lim, Zhuo Ren"]
[Result "1/2-1/2"]
[WhiteElo "2047"]
[BlackElo "2253"]
[PlyCount "92"]
[EventDate "2023.02.11"]
[EventType "swiss"]
[EventRounds "9"]
[EventCountry "AUT"]
[SourceTitle "CBM 212 Extra"]
[Source "ChessBase"]
[SourceDate "2023.03.31"]
[SourceVersion "1"]
[SourceVersionDate "2023.03.31"]
[SourceQuality "1"]

1. d4 d5 2. Nf3 Nf6 3. c4 dxc4 4. Nc3 a6 5. a4 Nc6 6. e4 Bg4 7. d5 Ne5 8. Be2 Bxf3 9. gxf3 g6 10. 0-0 Bg7 11. Be3 c6 12. Bd4 Nh5 13. Qd2 0-0 14. Qe3 Nd3 15. Bxg7 Kxg7 16. Bxd3 cxd3 17. Rfd1 cxd5 18. Nxd5 e6 19. Nb6 Rb8 20. Rxd3 Qh4 21. Kh1 Nf4 22. Rd7 Rbd8 23. Rg1 h5 24. Qd4+ Kg8 25. Qe5 Qxf2 26. Qxf4 Qxb6 27. Re7 Rde8 28. Rd7 e5 29. Qh6 Rd8 30. Rxd8 Rxd8 31. a5 Qb3 32. Qxh5 Rd1 33. Qg4 Rxg1+ 34. Kxg1 Qxb2 35. Qc8+ Kg7 36. Qc7 Qb5 37. Kg2 Kf6 38. Qd6+ Kg7 39. Qc7 g5 40. Kg3 Kg6 41. Qd8 Qc5 42. Qg8+ Kf6 43. Qd8+ Ke6 44. Qe8+ Kf6 45. Qd8+ Kg6 46. Qg8+ Kf6 1/2-1/2

[Event "Bassano del Grappa Vergani Cup"]
[Site "Bassano del Grappa"]
[Date "2023.02.04"]
[Round "7"]
[White "Lim, Zhuo Ren"]
[Black "Ceres, Dragos"]
[Result "1/2-1/2"]
[WhiteElo "2253"]
[BlackElo "2409"]
[PlyCount "41"]
[EventDate "2023.02.01"]
[EventType "swiss"]
[EventRounds "9"]
[EventCountry "ITA"]
[SourceTitle "CBM 212 Extra"]
[Source "ChessBase"]
[SourceDate "2023.03.31"]
[SourceVersion "1"]
[SourceVersionDate "2023.03.31"]
[SourceQuality "1"]

1. d4 Nf6 2. Nf3 e6 3. c4 Bb4+ 4. Nbd2 b6 5. a3 Bxd2+ 6. Qxd2 Bb7 7. e3 0-0 8. Be2 d5 9. b4 Ne4 10. Qc2 c5 11. dxc5 bxc5 12. 0-0 Nd7 13. Bb2 Qe7 14. Nd2 Nxd2 15. Qxd2 dxc4 16. Bxc4 Nb6 17. Rfc1 cxb4 18. Qxb4 Qxb4 19. axb4 Nxc4 20. Rxc4 Bd5 21. Rc7 1/2-1/2

[Event "Bassano del Grappa Vergani Cup"]
[Site "Bassano del Grappa"]
[Date "2023.02.03"]
[Round "5"]
[White "Lim, Zhuo Ren"]
[Black "Kulaots, Kaido"]
[Result "1/2-1/2"]
[WhiteElo "2253"]
[BlackElo "2525"]
[PlyCount "66"]
[EventDate "2023.02.01"]
[EventType "swiss"]
[EventRounds "9"]
[EventCountry "ITA"]
[SourceTitle "CBM 212 Extra"]
[Source "ChessBase"]
[SourceDate "2023.03.31"]
[SourceVersion "1"]
[SourceVersionDate "2023.03.31"]
[SourceQuality "1"]

1. d4 Nf6 2. Nf3 g6 3. c4 Bg7 4. g3 0-0 5. Bg2 d6 6. 0-0 Bf5 7. Nc3 Ne4 8. Nxe4 Bxe4 9. Be3 Nd7 10. Bh3 c5 11. Rc1 b6 12. Qd2 cxd4 13. Bxd4 Bxd4 14. Nxd4 Nf6 15. Nb5 Bc6 16. Nc3 Ne4 17. Nxe4 Bxe4 18. Rfd1 Qc7 19. Qe3 Bb7 20. Bg2 Bxg2 21. Kxg2 Qb7+ 22. f3 Rac8 23. Rd4 Rc5 24. Rh4 f5 25. Rd4 Re5 26. Qd2 Rc8 27. h4 b5 28. h5 Rxc4 29. Rcxc4 bxc4 30. hxg6 hxg6 31. Rxc4 Kf7 32. Kf1 Rd5 33. Qc2 Qb6 1/2-1/2

[Event "Bassano del Grappa Vergani Cup"]
[Site "Bassano del Grappa"]
[Date "2023.02.02"]
[Round "3"]
[White "Lim, Zhuo Ren"]
[Black "Subelj, Jan"]
[Result "0-1"]
[WhiteElo "2253"]
[BlackElo "2481"]
[PlyCount "102"]
[EventDate "2023.02.01"]
[EventType "swiss"]
[EventRounds "9"]
[EventCountry "ITA"]
[SourceTitle "CBM 212 Extra"]
[Source "ChessBase"]
[SourceDate "2023.03.31"]
[SourceVersion "1"]
[SourceVersionDate "2023.03.31"]
[SourceQuality "1"]

1. d4 d5 2. c4 c6 3. Nf3 Nf6 4. Nc3 dxc4 5. a4 a5 6. e4 Bg4 7. Bxc4 e6 8. Be3 Bb4 9. h3 Bh5 10. Qc2 Nbd7 11. Be2 0-0 12. 0-0 Rc8 13. Rad1 Qc7 14. Kh1 Rfe8 15. Bg5 Bg6 16. Bd3 h6 17. Bh4 Qb6 18. Ne5 Qxd4 19. Nxd7 Qxd7 20. Bxf6 gxf6 21. e5 f5 22. Qc1 Qc7 23. Qxh6 Qxe5 24. f4 Qf6 25. h4 Qg7 26. Qxg7+ Kxg7 27. Be2 Rcd8 28. g3 f6 29. Na2 Bc5 30. Nc1 e5 31. Nb3 Bb4 32. Bc4 Kh6 33. Kg2 Rxd1 34. Rxd1 exf4 35. gxf4 Re4 36. Rd4 Kh5 37. Bd3 Re7 38. Rd8 Bf7 39. Nd4 Bd5+ 40. Kf1 Kg4 41. Nxf5 Re1+ 42. Kf2 Kxf4 43. Ng3 Re7 44. Ne2+ Kg4 45. h5 Bc5+ 46. Kf1 Re3 47. Bc2 Bc4 48. Bd1 Kxh5 49. b3 Ba6 50. Rg8 Kh6 51. Ke1 Re5 0-1